Historia de la Nación Argentina. desde los orígenes hasta la organización definitiva en 1862 / Vol. X :

Guardado en:
Otros Autores: Raffo, de la Reta, Julio C., Correas, Edmundo., Cornejo, Atilio., Mugnos de Escudero, Margarita., Fernández, Juan Rómulo., Saá, Víctor., Pastor, Reynaldo A., de la Vega Díaz, Dardo., de la Vega, Monseñor Alfonso., Solá, Miguel., Vergara, Monseñor Miguel Ángel., Aramburu, Julio., Gargaro, Alfredo., Gómez, Hernán F.
Formato: Libro
Idioma:Spanish
Publicado: Buenos Aires : El Ateneo, 1961.
Edición:3a. ed.
Materias:
Etiquetas: Agregar Etiqueta
Sin Etiquetas, Sea el primero en etiquetar este registro!
LEADER 01182nam a2200325 a 4500
001 DER.der015542
008 251117s1961####ag#abcogr#####001#0#spa##
005 20251117194716.0
245 0 0 |a Historia de la Nación Argentina.  |n Vol. X :  |b desde los orígenes hasta la organización definitiva en 1862 /  |c producida por Academia Nacional de la Historia. 
250 |a 3a. ed. 
260 a B |a Buenos Aires :  |b El Ateneo,  |c 1961. 
300 |a 562 p. 
505 0 |a Historia de las Provincias, límites interprovinciales y Territorios Nacionales 
700 1 |a Levene, Ricardo.,  |e dir. 
700 1 |a Raffo, de la Reta, Julio C. 
700 1 |a Correas, Edmundo. 
700 1 |a Cornejo, Atilio. 
700 1 |a Mugnos de Escudero, Margarita. 
700 1 |a Fernández, Juan Rómulo. 
700 1 |a Saá, Víctor. 
700 1 |a Pastor, Reynaldo A. 
700 1 |a de la Vega Díaz, Dardo. 
700 1 |a de la Vega, Monseñor Alfonso. 
700 1 |a Solá, Miguel. 
700 1 |a Vergara, Monseñor Miguel Ángel. 
700 1 |a Aramburu, Julio. 
700 1 |a Gargaro, Alfredo. 
700 1 |a Gómez, Hernán F. 
650 7 |a HISTORIA ARGENTINA 
859 |a DERECHO  |b BIB. DERECHO  |h 982  |i ACA  |p 0010148  |v X  |3 Vol. X